Zničené plochy "autobusky" sa dočkali opráv

Bibliographic Details
Format: Article
Language:Slovak
PhysicalDescription:Fotogr.
Subjects:

MARC

LEADER 00000cab a2200000 ar4500
001 vtls008985745
003 SK-MaSNL
005 20260303065432.0
008 070503c2007 xo mr|p|||||||000 b|slo
038 |a PPPK 
040 |a PPPKCL  |b slo  |c PPPK  |e AACR2 
041 0 |a slo 
044 |a xo  |c SK 
080 |a 656.132.022.9  |2 1997 
080 |a 625.712.25  |2 1997 
080 |a 69.059.7  |2 1997 
245 0 0 |a Zničené plochy "autobusky" sa dočkali opráv  |c [autor] (kim) ; foto kim 
300 |b Fotogr. 
610 2 7 |a Slovenská autobusová doprava (Poprad, Slovensko)  |2 pppkcl  |9 1023438 
648 7 |a 2006  |2 pppkcl  |9 313148 
650 0 7 |a autobusové stanice  |2 pppkcl  |9 376994 
650 0 7 |a rekonštrukcie  |2 pppkcl  |9 24616 
651 7 |a Poprad (Slovensko)  |2 pppkcl  |9 20155 
773 0 |t Popradčan : mesačník obyvateľov mesta Poprad  |g Roč. I, č. 8 (2006), s. 4 
852 |a PPPK  |b KIS3GCP 
999 |c 1751183  |d 1753113